| 000 | 00000nam 2200000zi 4500 |
| 001 | 9.922077 |
| 003 | CaOODSP |
| 005 | 20230501110546 |
| 006 | m o d f |
| 007 | cr |n||||||||| |
| 008 | 230501t19981998onc o f|0| 0 eng d |
| 020 | |z0662271289 |
| 040 | |aCaOODSP|beng|erda|cCaOODSP |
| 043 | |an-cn--- |
| 086 | 1 |aC2-358/1998E-PDF |
| 245 | 00|aDomain name system reform and related internet governance issues : |ba consultation paper / |cprepared by Industry Canada, with the assistance of Omnia Communications Inc. |
| 264 | 1|aOttawa : |bIndustry Canada = Industrie Canada, |c1998. |
| 264 | 4|c©1998 |
| 300 | |a1 online resource (46 pages) |
| 336 | |atext|btxt|2rdacontent |
| 337 | |acomputer|bc|2rdamedia |
| 338 | |aonline resource|bcr|2rdacarrier |
| 500 | |aIssued also in French under title: Réforme du système des noms de domaine et examen de questions connexes sur la gestion d'Internet : document de consultation. |
| 500 | |aDigitized edition from print [produced by Innovation, Science and Economic Development Canada]. |
| 650 | 0|aInternet domain names. |
| 650 | 0|aInternet|xManagement. |
| 710 | 1 |aCanada. |bIndustry Canada, |eissuing body. |
| 710 | 1 |aOmnia Communications Inc., |econsultant. |
| 775 | 08|tRéforme du système des noms de domaine et examen de questions connexes sur la gestion d'Internet : |w(CaOODSP)9.922079 |
| 856 | 40|qPDF|s1.63 MB|uhttps://publications.gc.ca/collections/collection_2023/isde-ised/c2/C2-358-1998-eng.pdf |